000 00318nam a22001337a 4500
080 _a349.44 C 165
100 _aBellver Cano, Antonio
245 _aTeorìa del Municipio
260 _aAndùjar
_bJuan Montilla
_c(S / F)
300 _a359 P.
650 _xderecho municipal
945 _acd
_d2015-03-30
999 _c3664
_d234168
942 _6_